banner-ar

حرفيات السينما / (Record no. 49925)

MARC details
000 -الفاتح
حقل البيانات ثابتة الطول 00873nam a2200277Ia 4500
008 - عناصر البيانات ثابتة الطول - معلومات عامة
حقل البيانات ثابتة الطول 140319s9999 xx 000 0 ara d
040 ## - مصدر الفهرسة
وكالة الفهرسة الأصلية GCL /
وكالة النسخ GCL
082 04 - رقم تصنيف ديوى العشرى
رقم التصنيف 791.43
رقم المادة و ح
100 1# - المدخل الرئيسى - إسم شخصى
الإسم الشخصى حليم طوسون
245 10 - بيان العنوان
العنوان حرفيات السينما /
بيان المسئوليه,etc حليم طوسون
700 1# - المدخل الاضافى - اسم شخصى
الإسم الشخصى احمد بدرخان (مخرج)
700 1# - المدخل الاضافى - اسم شخصى
الإسم الشخصى وين، ميشيل
700 1# - المدخل الاضافى - اسم شخصى
الإسم الشخصى تسونو، ريمى
700 1# - المدخل الاضافى - اسم شخصى
الإسم الشخصى احمد بدرخان
300 ## - الوصف المادى
التعداد 307 ص
490 ## - بيان السلسلة
عنوان السلسلة المكتبة العربية
رقم المجلد/ التعيين التسلسلي 0
650 04 - المدخل الاضافى بالموضوع-مصطلح موضوعى
مصطلح موضوعي الافلام السينمائية
650 04 - المدخل الاضافى بالموضوع-مصطلح موضوعى
مصطلح موضوعي السينما
650 04 - المدخل الاضافى بالموضوع-مصطلح موضوعى
مصطلح موضوعي الاخراج السينمائى
650 04 - المدخل الاضافى بالموضوع-مصطلح موضوعى
مصطلح موضوعي التصوير السينمائى
650 04 - المدخل الاضافى بالموضوع-مصطلح موضوعى
مصطلح موضوعي الانتاج السينمائى
650 04 - المدخل الاضافى بالموضوع-مصطلح موضوعى
مصطلح موضوعي السينما - صناعة وتجارة
650 04 - المدخل الاضافى بالموضوع-مصطلح موضوعى
مصطلح موضوعي اجهزة ومعدات
942 ## - عناصر المدخل الإضافي( كوها)
مصدر التصنيف او مخطط الترفيف Dewey Decimal Classification
Koha [default] item type كتاب
Holdings
حالة التراجع حالة الفقد حالة تلف ليس للاعارة المكان المؤقت الموقع الحالى تاريخ الاكتساب اجمالي اﻻعارات رقم الطلب الباركود تاريخ اخر مشاهدة تاريخ تفعيل السعر نوع وعاء كوها
        مكتبة القاهرة الكبرى مكتبة القاهرة الكبرى 03/26/2014   791.43\و ح 119761 03/26/2014 03/26/2014 كتاب

Powered By

EGPV